The World book encyclopedia. Volume 12, L. V.18

সংরক্ষণ করুন:
গ্রন্থ-পঞ্জীর বিবরন
বিন্যাস: গ্রন্থ
প্রকাশিত: World Book, Inc 2001
ট্যাগগুলো: ট্যাগ যুক্ত করুন
কোনো ট্যাগ নেই, প্রথমজন হিসাবে ট্যাগ করুন!
Thư viện lưu trữ: Mạng thư viện Đại học Đà Nẵng
LEADER 00512nam a2200217 a 4500
001 000030439
003 26687
005 20171030145630.0
008 171030s2001
040 |a LTT 
082 0 |a 032  |b Wo-B 
245 0 0 |a The World book encyclopedia. Volume 12, L.  |n V.18 
260 |b World Book, Inc  |c 2001 
500 |a SABRE 
OWN |a LTT 
999 |a From the UDN01 
TYP |a Monograph 
TYP |a Printed language 
980 |a Mạng thư viện Đại học Đà Nẵng